Süper penguen (Record no. 20287)

MARC details
000 -BAŞLIK
Sabit Uzunluktaki Kontrol Alanı 00520nas a22001697a 4500
003 - KONTROL NUMARASI KİMLİĞİ
Kontrol Alanı koha_MIRAKIL
005 - EN SON İŞLEM TARİHİ ve ZAMANI
Kontrol Alanı 20231213100447.0
008 - SABİT UZUNLUKTAKİ VERİ ÖGELERİ - GENEL BİLGİ
Sabit Alan 231213b |||||||| |||| 00| 0 ||| d
022 ## - ISSN - ULUSLARARASI STANDART SERİ NUMARASI
issn 2148-8622
040 ## - KATALOGLAMA KAYNAĞI
Özgün Kataloglama Kurumu TR-IsEVY
Kataloglama Dili tur
Çeviri Kurumu TR-IsEVY
082 ## - DEWEY ONU SINIFLAMA SİSTEMİ
Sınıflama Numarası PER
245 #0 - ESER ADI BİLDİRİMİ
Başlık Süper penguen
Alt Eseradı vb. çocuk mizah dergisi.
300 ## - FİZİKSEL TANIMLAMA
Sayfa, Cilt vb. 50 s.
650 ## - KONU BAŞLIĞI EK GİRİŞ - KONU TERİMİ
Konusal terim veya coğrafi ad Dergiler -- Çocuk dergileri -- Türk mizahı -- Karikatür.
650 ## - KONU BAŞLIĞI EK GİRİŞ - KONU TERİMİ
Konusal terim veya coğrafi ad Periodicals. -- Children's periodicals -- Turkish wit and homor -- Caricature.
942 ## - EK GİRİŞ ÖGELERİ (KOHA)
Source of classification or shelving scheme Dewey Decimal Classification
Koha item type Süreli Yayın
Holdings
Kayıp Durumu Sınıflandırma Kaynağı Hasarlı Durumu Kalıcı Konum Mevcut Konum Kayıt Tarih Edinim Kaynağı Toplam Ödünçverme Yer Numarası Demirbaş Numarası Çıkış Durumu Son Görülme Tarihi Son Kontrol Tarihi Fatura Tarihi Materyal Türü
  Dewey Decimal Classification   İLKOKUL KÜTÜPHANESİ İLKOKUL KÜTÜPHANESİ 14/10/2020 Satınalma 1 PER 21158 14/05/2024 30/04/2024 30/04/2024 14/10/2020 Süreli Yayın